| 000 | 00714nam a22001577a 4500 | ||
|---|---|---|---|
| 003 | OSt | ||
| 005 | 20151007102224.0 | ||
| 008 | 151007b xxu||||| |||| 00| 0 eng d | ||
| 040 | _cRUA | ||
| 082 | _aAVM AN 2004 B074 Or.1 | ||
| 100 |
_92250 _aAN, SOTHEARAK. |
||
| 245 | _aeffect of rice bran on performance of broiler chicken in royal university of agriculture (ឥទ្ធិពលនៃការប្រើប្រាស់កន្ទក់ស្រូវ លើការលូតលាស់របស់មាន់សាច់នៅសាកលវិទ្យាល័យភូមិន្ទកសិកម្ម) | ||
| 260 |
_aPhnom Penh _bRUA _c2004 |
||
| 300 |
_avi, 36p. _bill. _c29cm. |
||
| 942 |
_2ddc _cAVM |
||
| 999 |
_c2120 _d2120 |
||